Context based storage and retrieval of multimedia contents (Record no. 12246)
[ view plain ]
| 000 -LEADER | |
|---|---|
| fixed length control field | 00415nam a22001337a 4500 |
| 082 ## - DEWEY DECIMAL CLASSIFICATION NUMBER | |
| Classification number | MS-PhD-IT ERU |
| 100 ## - MAIN ENTRY--PERSONAL NAME | |
| Personal name | Erum Afzal |
| 9 (RLIN) | 99043 |
| 245 ## - TITLE STATEMENT | |
| Title | Context based storage and retrieval of multimedia contents |
| 260 ## - PUBLICATION, DISTRIBUTION, ETC. | |
| Place of publication, distribution, etc. | Islamabad |
| Name of publisher, distributor, etc. | NUST university |
| Date of publication, distribution, etc. | 2013 |
| 300 ## - PHYSICAL DESCRIPTION | |
| Extent | 53p. : |
| Accompanying material | CD-ROM |
| 500 ## - GENERAL NOTE | |
| General note | Supervisor: Dr. Sharifullah Khan |
| 856 ## - ELECTRONIC LOCATION AND ACCESS | |
| Uniform Resource Identifier | <a href="http://10.250.8.41:8080/xmlui/handle/123456789/9809">http://10.250.8.41:8080/xmlui/handle/123456789/9809</a> |
| 942 ## - ADDED ENTRY ELEMENTS (KOHA) | |
| Koha item type | Project Report |
| Source of classification or shelving scheme | |
| Withdrawn status | Lost status | Source of classification or shelving scheme | Damaged status | Not for loan | Permanent Location | Current Location | Shelving location | Date acquired | Full call number | Barcode | Date last seen | Price effective from | Koha item type |
|---|---|---|---|---|---|---|---|---|---|---|---|---|---|
| Central Library (CL) | Central Library (CL) | General Stacks | 12/17/2013 | MS-PhD-IT ERU | SEECSP01325 | 12/17/2013 | 12/17/2013 | Project Report |
